000 01531cam a2200409 i 4500
999 _c2152
_d2152
001 19905517
003 OSt
005 20230313132258.0
008 170816s2017 enka 000 0 eng
010 _a 2016591319
020 _a9781316629840
_q(Coursebook with Audio CD)
040 _aDLC
_beng
_cDLC
_erda
_dKH8
041 1 _aeng
_achi
042 _apcc
082 _a495.18 MAK
100 1 _aMak, Martin,
_eauthor.
245 1 0 _aCambridge IGCSE Mandarin as a foreign language.
_pCoursebook /
_cMartin Mak, Xixia Wang and Ivy Liu.
246 3 0 _aMandarin as a foreign language
264 1 _aCambridge :
_bCambridge University Press,
_c2017.
300 _aviii, 240 pages :
_bcolor illustrations ;
_c28 cm +
_e2 audio discs (digital ; 4 3/4 in.)
336 _atext
_2rdacontent
336 _aspoken word
_2rdacontent
337 _aunmediated
_2rdamedia
337 _aaudio
_2rdamedia
338 _avolume
_2rdacarrier
338 _aaudio disc
_2rdacarrier
500 _aIncludes 2 audio discs in pocket attached to inside of back cover.
650 0 _aChinese language
_vTextbooks for foreign speakers
_xEnglish.
650 0 _aChinese language
_xSpoken Chinese.
650 0 _aChinese language
_vSound recordings for English speakers.
650 0 _aMandarin dialects.
700 1 _aWang, Xixia,
_eauthor.
700 1 _aLiu, Ivy
_c(Language teacher) ,
_eauthor.
906 _a7
_bcbc
_corigres
_d2
_encip
_f20
_gy-gencatlg
942 _2ddc
_cTR